|
|
|
|
| LEADER |
00000nab a2200000 a 4500 |
| 001 |
vtls000214474 |
| 003 |
SK-MaSNL |
| 005 |
20260319074633.0 |
| 008 |
220422c1984 xo 0 rus |
| 015 |
|
|
|a SNBRB19rr/mm-uuuuu
|
| 035 |
|
|
|a CL0224588
|
| 040 |
|
|
|a SNKBUCL
|b slo
|c SNKBUCL
|e AACR2
|
| 041 |
0 |
|
|a rus
|
| 044 |
|
|
|a xo
|c SK
|
| 080 |
|
|
|a 578
|2 1981
|
| 100 |
1 |
|
|a Blaškovič, Dionýz,
|d 1913-1998
|4 aut
|9 37673
|
| 245 |
1 |
0 |
|a Virusologija: profiľ informacii
|c D. Blaškovič ; R. Nicholas, D. Nicholas
|
| 650 |
0 |
7 |
|a virológia
|2 snkbucl
|9 19067
|
| 655 |
|
7 |
|a články z novín a časopisov
|2 snkbucl
|9 267496
|
| 700 |
1 |
|
|a Nicholas, R.
|4 aut
|9 927319
|
| 700 |
1 |
|
|a Nicholas, D.
|4 aut
|9 927320
|
| 773 |
0 |
|
|t Acta virologica
|g Roč. 28, č. 4 (1984), s. 347
|
| 787 |
0 |
8 |
|i Rec.:
|a Nicholas, R.
|t Virusologija: profiľ informacii
|d London : Mansell Publishing, 1983
|
| 850 |
|
|
|a Slovenská národná knižnica v Martine
|a MTA001
|
| 852 |
|
|
|a SNK
|b KIS3GCP
|
| 958 |
|
|
|a RK
|
| 958 |
|
|
|a ME
|
| 992 |
|
|
|a RBX
|
| 999 |
|
|
|c 1470570
|d 1472500
|